000
00309nam a22001337a 4500
008
160507b xxu||||| |||| 00| 0 eng d
020
_a
9780321598202
020
_a
9780321598202
020
_a
0321598202
041
_a
eng
080
_a
573
245
_a
Biological science:
_c
Scott Freeman;
942
_2
udc
_c
BK
999
_c
1901
_d
1901